SPC2000 : ACA standard form of specialised contract for project partnering. (Record no. 101955)

MARC details
000 -LEADER
fixed length control field 01026cam a2200253 4500
008 - FIXED-LENGTH DATA ELEMENTS--GENERAL INFORMATION
fixed length control field 000000n2002 000 0 eng u
020 ## - INTERNATIONAL STANDARD BOOK NUMBER
International Standard Book Number 1901171140
035 ## - SYSTEM CONTROL NUMBER
System control number (Sirsi) u117208
050 ## - LIBRARY OF CONGRESS CALL NUMBER
Classification number 692.8
110 ## - MAIN ENTRY--CORPORATE NAME
Corporate name or jurisdiction name as entry element Association of Consultant Architects
9 (RLIN) 1156
245 ## - TITLE STATEMENT
Title SPC2000 : ACA standard form of specialised contract for project partnering.
260 ## - PUBLICATION, DISTRIBUTION, ETC.
Place of publication, distribution, etc. Bromley, Kent
Name of publisher, distributor, etc. Association of Consultant Architects
Date of publication, distribution, etc. 2002
300 ## - PHYSICAL DESCRIPTION
Extent x,44p. ; 30cm.
350 ## - PRICE (NR) (BK AM CF MU VM SE) [OBSOLETE]
Price 16.00
520 ## - SUMMARY, ETC.
Summary, etc. Specialist Contract for Project Partnering intended for use with PPC2000, the ACA Standard Form of Contract for Project Partnering. It should be utilised with the support of experienced legal and/or other professional advice on its implementation
650 ## - SUBJECT ADDED ENTRY--TOPICAL TERM
Topical term or geographic name entry element BUILT ENVIRONMENT-BUILDING CONTRACT FORMS
650 ## - SUBJECT ADDED ENTRY--TOPICAL TERM
Topical term or geographic name entry element PPC2000
650 ## - SUBJECT ADDED ENTRY--TOPICAL TERM
Topical term or geographic name entry element PROJECT PARTNERING
650 ## - SUBJECT ADDED ENTRY--TOPICAL TERM
Topical term or geographic name entry element SPC 2000
650 ## - SUBJECT ADDED ENTRY--TOPICAL TERM
Topical term or geographic name entry element SPECIALIST CONTRACTS
650 ## - SUBJECT ADDED ENTRY--TOPICAL TERM
Topical term or geographic name entry element CONSTRUCTION INDUSTRY
690 ## - LOCAL SUBJECT ADDED ENTRY--TOPICAL TERM (OCLC, RLIN)
Topical term or geographic name as entry element BUILT ENVIRONMENT-BUILDING CONTRACT FORMS
942 ## - ADDED ENTRY ELEMENTS (KOHA)
Suppress in OPAC 0
Holdings
Withdrawn status Lost status Source of classification or shelving scheme Damaged status Not for loan Home library Current library Shelving location Date acquired Cost, normal purchase price Total Checkouts Full call number Barcode Date last seen Date last checked out Copy number Cost, replacement price Price effective from Koha item type
    Dewey Decimal Classification     London London Basement 26/07/2002 16.00 4 BASEMENT 30066315 06/08/2019 22/11/2004 1 16.00 06/08/2019 Book